The education of Henry Adams / (Record no. 7714)
[ view plain ]
| 000 -LEADER | |
|---|---|
| fixed length control field | 00703cam a22002537a 4500 |
| 001 - CONTROL NUMBER | |
| JCCL Control Number | 7714 |
| 003 - CONTROL NUMBER IDENTIFIER | |
| JCCL marc code | BD-JhCC |
| 005 - DATE AND TIME OF LATEST TRANSACTION | |
| control field | 20230731103454.0 |
| 008 - FIXED-LENGTH DATA ELEMENTS--GENERAL INFORMATION | |
| fixed length control field | 810526|1981 ||| 000 0 eng |
| 035 ## - SYSTEM CONTROL NUMBER | |
| system control number | (BD-JhCC)7714 |
| 040 ## - CATALOGING SOURCE | |
| Original cataloging agency | DLC |
| Transcribing agency | DLC |
| Modifying agency | DLC |
| -- | BD-JhCC |
| 041 ## - LANGUAGE CODE | |
| Language code of Book | eng |
| 050 00 - LIBRARY OF CONGRESS CALL NUMBER | |
| Classification number | MLCM 81/0935 |
| 082 ## - DEWEY DECIMAL CLASSIFICATION NUMBER | |
| Author mark and Year | ADA 1981 |
| Classification number | 370 |
| 100 1# - MAIN ENTRY--PERSONAL NAME | |
| Personal name | Adams, Henry, |
| Dates associated with a name | 1838-1918. |
| 245 14 - TITLE STATEMENT | |
| Title | The education of Henry Adams / |
| Statement of responsibility, etc | Henry Adams. |
| 250 ## - EDITION STATEMENT | |
| Edition statement | A limited ed. |
| 260 ## - PUBLICATION, DISTRIBUTION, ETC. (IMPRINT) | |
| Place of publication, distribution, etc | Franklin Center, Pa. : |
| Name of publisher, distributor, etc | Franklin Library, |
| Date of publication, distribution, etc | 1981, c1918. |
| 300 ## - PHYSICAL DESCRIPTION | |
| Pagination | xix, 535 p. : ports. ; 24 cm. |
| 440 #4 - | |
| Title | The Greatest books of the twentieth century |
| 650 ## - SUBJECT ADDED ENTRY--TOPICAL TERM | |
| Topical term or geographic name as entry element | Education |
| 942 ## - ADDED ENTRY ELEMENTS (KOHA) | |
| Source of classification or shelving scheme | Dewey Decimal Classification |
| Koha item type | Books |
| Source of classification or shelving scheme | Damaged status | Not for loan | Home library | Current library | Shelving location | Date of accession | Total Checkouts | Full call number | Barcode | Checked out | Date last seen | Date checked out | Copy number | Method of acquisition | Koha item type |
|---|---|---|---|---|---|---|---|---|---|---|---|---|---|---|---|
| Dewey Decimal Classification | JCC Rouf Library | JCC Rouf Library | General Stacks | 07/31/2023 | 1 | 370 ADA 1981 | 1071 | 11/30/2023 | 10/25/2023 | 10/25/2023 | C -1 | Purchase | Books |